| 000 | 00357cam a22001337a 4500 | ||
|---|---|---|---|
| 008 | 180718b1967 xxu||||| |||| 00| 0 eng d | ||
| 082 | _aB263 Sh23 | ||
| 100 | _aSharma, B.M. | ||
| 245 |
_aFederal polity _cby B.M. Sharma and L.P. Choudhry |
||
| 260 |
_aBombay _bAsia _c1967 |
||
| 300 | _axvi, 384p | ||
| 650 | _aFederal government. | ||
| 700 | _aChoudhry, L.P. | ||
| 999 |
_c421114 _d421114 |
||